000 00412nam a22001697a 4500
003 NUST - PNEC
005 20170116181107.0
008 151003b xxu||||| |||| 00| 0 eng d
020 _a0278000606
040 _cLIBRARY
082 _a629.8 BIS
100 _912700
_aBissell, C.C.
245 _aControl engineering
_cBissell, C.C.
260 _cc.1988
650 _912698
_bMS Control
_xMScon
942 _2ddc
_cBK
999 _c68977
_d68977